00686nam a22001935i 4500001000700000003000900007005001700016008004100033080001100074100004900085245016400134260006200298300003400360490001500394610002800409700001900437830001500456852002100471171833ES-MaACL20250930063150.0090602s1946 sp |||| | spa d a281.931 aSolov'iov, Vladimir Sergueevich, d1853-190010aRusia y la iglesia universal / cVladimiro Solovief ; [traducción, Instituto "Santo Tomás de Aquino", Córdoba (Rep. Argentina) ; prólogo Osvaldo Lira]. aMadrid : bEdiciones y Publicaciones Españolas, c1946. aXL, 425 p. : bil. ; c21 cm.1 aSol y luna27aIglesia Ortodoxa Rusa21 aLira, Osvaldo.1 aSol y luna aES-MaACLjD-6969